| 000 | 01742nam0a2200349 4500 | ||
|---|---|---|---|
| 001 | RU\NLR\bibl\30432 | ||
| 005 | 20260407092243.0 | ||
| 010 |
_a5-7925-0001-0 _9350 |
||
| 021 |
_aRU _b98-26802 _91280 |
||
| 035 | _a(NLR Aleph) 000029634 | ||
| 090 |
_a147024 _c147024 |
||
| 100 | _a19990531d1997 |||y0rusy50 ca | ||
| 101 | 0 | _arus | |
| 102 | _aRU | ||
| 105 | _a||||||||||||| | ||
| 200 | 1 |
_aДоржи Банзаров _eВоспоминания, отзывы, рассказы современников, ученых и обществ. деят. XIX-нач. ХХ вв. _fРос. акад. наук. Сиб. отд-ние, Бурят. науч. центр, Бурят. ин-т обществ. наук _g[Сост. и авт. прим. к.филол.н. В.Э. Раднаев _gРедкол.: ...к.и.н. Д.Д. Нимаев (отв. ред.), д.и.н. Ш.Б. Чимитдоржиев] |
|
| 210 |
_aУлан-Удэ _cИзд-во БНЦ СО РАН _d1997 |
||
| 215 |
_a103 с. _d21 |
||
| 320 | _aБиблиогр.: с. 100-101 и в подстроч. прим. | ||
| 600 | 1 |
_aБанзаров _bД. _f1822 - 1855 _gДоржи _jСборники _91097357 _3RU\NLR\auth\66112097 |
|
| 686 | _aТ1(2Р-6Бу)47-8я43 | ||
| 686 | _aЧ33(2Р-6Бу)5-8 Банзаров | ||
| 702 | 1 |
_aРаднаев _bВ. Э. _gВладимир Эрдыниевич _4220 |
|
| 702 | 1 |
_aНимаев _bД. Д. _gДаба Дамбаевич _4340 |
|
| 712 | 0 | 2 |
_4570 _aБурятский институт общественных наук _cУлан-Удэ _9310262 _3RU\NLR\AUTH\8818514 |
| 801 | 0 |
_aRU _bNLR _c19990531 _gPSBO |
|
| 801 | 1 |
_aRU _bNLR _c19990531 |
|
| 852 |
_aNLR _j99-3/4477 |
||
| 942 | _cBOOK | ||
| 980 | _aNB | ||